Los cien nombres de América
I tiakina i:
| Kaituhi matua: | |
|---|---|
| Hōputu: | Pukapuka |
| Reo: | Pāniora |
| I whakaputaina: |
Santiago, Chile.
Pehuén,
2018
|
| Rangatū: | Ensayo
|
| Ngā marau: | |
| Ngā Tūtohu: |
Tāpirihia he Tūtohu
Kāore He Tūtohu, Me noho koe te mea tuatahi ki te tūtohu i tēnei pūkete!
|
MARC
| LEADER | 00000cam a2200000 a 4500 | ||
|---|---|---|---|
| 001 | UCC9998 | ||
| 003 | CL-VaPUC | ||
| 005 | 20250318130413.0 | ||
| 008 | 191206e20180000cl spa d | ||
| 999 | |c 375784 |d 375782 | ||
| 020 | |a 9789561606692 | ||
| 040 | |c Pontificia Universidad Católica de Valparaíso | ||
| 082 | 0 | 4 | |a 980 ROJ 2018 |2 21 |
| 100 | |a Rojas Mix, Miguel |e autor |9 604758 | ||
| 245 | 1 | 4 | |a Los cien nombres de América |
| 260 | |a Santiago, Chile. |b Pehuén, |c 2018 | ||
| 300 | |a 411 páginas | ||
| 490 | 0 | |a Ensayo | |
| 583 | |a last modification |c 20191206 10:52:00 |k cmena | ||
| 650 | 0 | 0 | |a Historia de América |9 266076 |
| 650 | 0 | 0 | |a Colonización americana |9 388010 |
| 942 | |c BK |2 ddc | ||
| 945 | |a cmena |d 20191206 10:52:00 | ||
| 952 | |0 0 |1 0 |2 ddc |3 erb |4 0 |6 980_000000000000000_ROJ_2018 |7 0 |8 A |9 495610 |a BIBHIS |b BIBHIS |e 14 |g 18900.00 |i 5566525 |o 980 ROJ 2018 |p 5566525 |r 2025-01-20 |t 1 |v 18900.00 |w 2020-01-06 |y BK |z Catalogado en:20191206 |k HIS | ||